[Event "Championnat de France Junior Fille"]
[Site "CALVI"]
[Date "2005.04.21"]
[Round "6.3"]
[White "Levacic, Melissa"]
[Black "Huisman, Chloe"]
[Result "0-1"]
[WhiteElo "1997"]
[BlackElo "2017"]
[PlyCount "110"]
[EventDate "2005.??.??"]
[SourceDate "2005.04.17"]

1. e4 g6 2. d4 Bg7 3. Be3 d6 4. Nc3 Nf6 5. f3 c6 6. Qd2 O-O 7. Bd3 e5 8. dxe5
dxe5 9. Bh6 Nxe4 10. Nxe4 Qh4+ 11. g3 Qxh6 12. Qxh6 Bxh6 13. Nd6 Nd7 14. Nxc8
Raxc8 15. b4 Nb6 16. Kf2 f5 17. Kg2 Nd5 18. Re1 Rfe8 19. a3 Kh8 20. h4 Ne3+ 21.
Kh3 e4 22. fxe4 fxe4 23. Be2 Nxc2 24. Rf1 Rf8 25. Rd1 Rcd8 26. Rxd8 Rxd8 27. g4
Bf4 28. g5 Nxa3 29. Kg4 Bd2 30. h5 gxh5+ 31. Rxh5 Kg7 32. Nh3 a5 33. bxa5 c5
34. Rh6 c4 35. Rb6 Rd7 36. Kf5 c3 37. Bd1 Be3 38. Rb3 Rxd1 39. Rxc3 Rd3 40.
Rc7+ Kg8 41. Rc8+ Kf7 42. Rc7+ Kf8 43. Rxh7 Bd2 44. Kxe4 Re3+ 45. Kf5 Nc4 46.
Rh6 Nxa5 47. Rd6 Nc4 48. Rd4 b5 49. Kg4 Rc3 50. Nf4 Bxf4 51. Kxf4 b4 52. Kf5 b3
53. Kf6 Rf3+ 54. Ke6 b2 55. Rd1 Nd2 0-1

[Event "Championnat de France Junior Fille"]
[Site "CALVI"]
[Date "2005.04.21"]
[Round "6.4"]
[White "Marchais, Aurelie"]
[Black "Ficet, Aline"]
[Result "1-0"]
[WhiteElo "1822"]
[BlackElo "1730"]
[PlyCount "55"]
[EventDate "2005.??.??"]
[SourceDate "2005.04.17"]

1. e4 c6 2. d4 d5 3. Nc3 dxe4 4. Nxe4 Bf5 5. Ng3 Bg6 6. h4 h6 7. Nf3 Nd7 8. h5
Bh7 9. Bd3 Bxd3 10. Qxd3 Qc7 11. Bd2 Ngf6 12. O-O-O O-O-O 13. Ne4 e6 14. g3
Nxe4 15. Qxe4 Nf6 16. Qe2 Bd6 17. c4 c5 18. Bc3 Qe7 19. Ne5 Rhg8 20. Kb1 Nd7
21. f4 cxd4 22. Bxd4 Bxe5 23. fxe5 b6 24. Qf3 Kc7 25. Rhf1 Rgf8 26. Bc3 f6 27.
exf6 Nxf6 28. Be5+ 1-0

[Event "Championnat de France Junior Fille"]
[Site "CALVI"]
[Date "2005.04.21"]
[Round "6.5"]
[White "Chaumont, Adeline"]
[Black "Benmesbah, Sarah"]
[Result "1-0"]
[WhiteElo "2047"]
[BlackElo "1800"]
[PlyCount "31"]
[EventDate "2005.??.??"]
[SourceDate "2005.04.17"]

1. d4 f5 2. c4 Nf6 3. Nc3 e6 4. Nf3 Bb4 5. Qc2 c5 6. e3 Ne4 7. Bd3 Bxc3+ 8.
bxc3 Nf6 9. O-O Qe7 10. a4 O-O 11. d5 d6 12. e4 fxe4 13. Bxe4 e5 14. Bg5 h6 15.
Bh7+ Kh8 16. Nh4 1-0

[Event "Championnat de France Junior"]
[Site "CALVI"]
[Date "????.??.??"]
[Round "7.1"]
[White "Cornette, Matthieu"]
[Black "Jolly, Jean-Francois"]
[Result "1-0"]
[WhiteElo "2362"]
[BlackElo "2176"]
[PlyCount "41"]
[EventDate "2005.??.??"]
[SourceDate "2005.04.17"]

1. e4 c5 2. Nf3 d6 3. d4 cxd4 4. Nxd4 Nf6 5. Nc3 a6 6. Bc4 e6 7. Bb3 Be7 8. g4
O-O 9. g5 Nfd7 10. h4 Nc5 11. Be3 b5 12. Qg4 Bb7 13. h5 Nbd7 14. g6 Nf6 15. Qh3
b4 16. h6 fxg6 17. Nxe6 Nxe6 18. Bxe6+ Kh8 19. hxg7+ Kxg7 20. Qh6+ Kh8 21. Bd4
1-0

[Event "Championnat de France Junior"]
[Site "CALVI"]
[Date "????.??.??"]
[Round "7.2"]
[White "Laval, Brice"]
[Black "Mourot, Felix"]
[Result "1-0"]
[WhiteElo "2163"]
[BlackElo "2186"]
[PlyCount "49"]
[EventDate "2005.??.??"]
[SourceDate "2005.04.17"]

1. c4 c5 2. Nf3 Nf6 3. Nc3 e6 4. d4 cxd4 5. Nxd4 d5 6. Bg5 Be7 7. e3 O-O 8.
cxd5 Nxd5 9. Bxe7 Nxe7 10. Be2 e5 11. Nf3 Nbc6 12. O-O Qb6 13. Na4 Qa5 14. a3
Rd8 15. Qc2 Bf5 16. e4 Rac8 17. b4 Bxe4 18. Qxe4 Qxa4 19. Ng5 Ng6 20. Bc4 Rc7
21. Qf3 Rf8 22. Qh5 h6 23. Ne4 Nf4 24. Nf6+ Kh8 25. Qg4 {suite illisible} 1-0

[Event "Championnat de France Junior"]
[Site "CALVI"]
[Date "????.??.??"]
[Round "7.3"]
[White "Pietrasanta, Jeremy"]
[Black "Perez, Flavio"]
[Result "0-1"]
[WhiteElo "2220"]
[BlackElo "2237"]
[PlyCount "58"]
[EventDate "2005.??.??"]
[SourceDate "2005.04.17"]

1. c4 e5 2. Nc3 Nc6 3. e3 g6 4. g3 Bg7 5. Bg2 d6 6. Nge2 Be6 7. d4 Bxc4 8. d5
Bxe2 9. Qxe2 Nb8 10. Qb5+ Nd7 11. Qxb7 Ne7 12. e4 O-O 13. O-O f5 14. Qb5 h6 15.
Qe2 Nf6 16. Qd3 Rb8 17. f3 Qd7 18. Rd1 g5 19. b3 g4 20. fxg4 fxe4 21. Bxe4 Qxg4
22. Be3 Nxe4 23. Nxe4 Rb4 24. Nf2 Qf3 25. Qd2 Rb5 26. Rf1 Rxd5 27. Qc1 Nf5 28.
Nd1 Qxf1+ 29. Kxf1 Rxd1+ 0-1

[Event "Championnat de France Junior"]
[Site "CALVI"]
[Date "????.??.??"]
[Round "7.4"]
[White "Bijaoui, Manuel"]
[Black "Besson, Bastien"]
[Result "1-0"]
[WhiteElo "2345"]
[BlackElo "2238"]
[PlyCount "63"]
[EventDate "2005.??.??"]
[SourceDate "2005.04.17"]

1. e4 c5 2. Nf3 d6 3. d4 cxd4 4. Nxd4 Nf6 5. Nc3 a6 6. Bg5 e6 7. f4 h6 8. Bh4
Nbd7 9. Be2 Be7 10. Bf2 Qc7 11. Bf3 Nb6 12. Qe2 Nc4 13. O-O-O e5 14. Nf5 Bxf5
15. exf5 exf4 16. Rhe1 Ne5 17. Bd4 Nfd7 18. Nd5 Qa5 19. Bc3 Qd8 20. Nxe7 Kxe7
21. Bb4 Qb6 22. Bxd6+ Qxd6 23. Rxd6 Kxd6 24. Qd2+ Kc7 25. Qc3+ Nc6 26. Bxc6
bxc6 27. Re7 Rad8 28. Qe5+ Kb6 29. Qd4+ Kc7 30. Qxf4+ Kb6 31. a4 Rhe8 32. Qe3+
1-0

[Event "Championnat de France Junior"]
[Site "CALVI"]
[Date "????.??.??"]
[Round "7.5"]
[White "Terrieux, Kevin"]
[Black "Pucher, Sebastien"]
[Result "1-0"]
[WhiteElo "2300"]
[BlackElo "2181"]
[PlyCount "59"]
[EventDate "2005.??.??"]
[SourceDate "2005.04.17"]

1. d4 Nf6 2. c4 g6 3. Nc3 d5 4. cxd5 Nxd5 5. Bd2 Bg7 6. e4 Nb6 7. Be3 O-O 8.
Be2 Nc6 9. Nf3 Bg4 10. d5 Bxf3 11. gxf3 Ne5 12. Qb3 c6 13. f4 Ned7 14. dxc6
bxc6 15. h4 e6 16. h5 Qe7 17. hxg6 hxg6 18. Kf1 Rab8 19. Qc2 f5 20. Rg1 Qf7 21.
e5 Rfd8 22. Nb1 Rdc8 23. Nd2 Nf8 24. Nc4 Nxc4 25. Bxc4 Qb7 26. b3 Kf7 27. Bc5
Rd8 28. Rd1 Rxd1+ 29. Qxd1 Nd7 30. Bxe6+ 1-0

[Event "Championnat de France Junior"]
[Site "CALVI"]
[Date "????.??.??"]
[Round "7.6"]
[White "Jessel, Stephen"]
[Black "Gregoire, Sylvain"]
[Result "1-0"]
[WhiteElo "2256"]
[BlackElo "2280"]
[PlyCount "119"]
[EventDate "2005.??.??"]
[SourceDate "2005.04.17"]

1. e4 c5 2. Nf3 Nc6 3. d4 cxd4 4. Nxd4 e5 5. Nb5 d6 6. c4 Be7 7. N1c3 a6 8. Na3
Be6 9. Bd3 Bg5 10. Nc2 h6 11. O-O Nge7 12. Nd5 Ng6 13. b4 Rc8 14. a4 Bxc1 15.
Rxc1 Qg5 16. f3 h5 17. Rf2 O-O 18. Qd2 Nf4 19. Nxf4 exf4 20. g3 Ne5 21. Ne1 Ng6
22. Ng2 h4 23. gxf4 Qh5 24. f5 Ne5 25. fxe6 Nxf3+ 26. Rxf3 Qxf3 27. Rf1 Qg4 28.
exf7+ Rxf7 29. Rxf7 Kxf7 30. Qf4+ Qxf4 31. Nxf4 Kf6 32. Kf2 Ke5 33. Ke3 g5 34.
Ng2 Rg8 35. Be2 h3 36. Ne1 g4 37. Nd3+ Ke6 38. Nf4+ Kf6 39. Nh5+ Ke5 40. Ng3 b6
41. Nh1 a5 42. b5 Rg7 43. Nf2 g3 44. Ng4+ Ke6 45. hxg3 h2 46. Nxh2 Rxg3+ 47.
Nf3 Rg2 48. Ne1 Rg1 49. Kf2 Rh1 50. Bf3 Rh8 51. Ke3 Rg8 52. Nd3 Rg1 53. Nf4+
Ke5 54. Nd5 Ra1 55. Nxb6 Ra3+ 56. Kf2 Kd4 57. Bd1 Ra1 58. Ke1 Ra2 59. Nc8 Ke5
60. Na7 1-0

[Event "Championnat de France Junior"]
[Site "CALVI"]
[Date "????.??.??"]
[Round "7.7"]
[White "Karim, Ismael"]
[Black "Fargere, Francois"]
[Result "1/2-1/2"]
[WhiteElo "2230"]
[BlackElo "2259"]
[PlyCount "86"]
[EventDate "2005.??.??"]
[SourceDate "2005.04.17"]

1. e4 c5 2. Nf3 Nc6 3. d4 cxd4 4. Nxd4 g6 5. c4 Bg7 6. Be3 Nf6 7. Nc3 O-O 8.
Be2 b6 9. O-O Bb7 10. f3 Nh5 11. Qd2 Nf4 12. Rfd1 d6 13. Nxc6 Nxe2+ 14. Nxe2
Bxc6 15. Nd4 Bd7 16. Rac1 Re8 17. b3 Qc7 18. Nb5 Qb7 19. Nc3 Rac8 20. a4 Be6
21. Nd5 Rc6 22. Bh6 f6 23. Be3 Kf7 24. Bd4 Bd7 25. Rf1 Rcc8 26. Qb2 Bc6 27.
Rcd1 Bxd5 28. exd5 a6 29. Qf2 b5 30. cxb5 axb5 31. a5 Qxd5 32. Bxf6 Qc5 33.
Bxg7 Kxg7 34. Qd4+ Qxd4+ 35. Rxd4 Rc3 36. Rb4 Rc5 37. Ra1 Ra8 38. Re4 e5 39.
Rd1 Ra6 40. b4 Rc2 41. f4 exf4 42. Rxf4 Rac6 43. Rfd4 Rb2 1/2-1/2

[Event "Championnat de France Junior"]
[Site "CALVI"]
[Date "????.??.??"]
[Round "7.8"]
[White "Lavanant, Alexandre"]
[Black "Tournier, Mathieu"]
[Result "1/2-1/2"]
[WhiteElo "2130"]
[BlackElo "2202"]
[PlyCount "80"]
[EventDate "2005.??.??"]
[SourceDate "2005.04.17"]

1. d4 d5 2. Bg5 f6 3. Bh4 Nh6 4. e3 Nf5 5. Bd3 c5 6. Nf3 Nc6 7. c3 g6 8. Bg3
Bg7 9. Nh4 Nxh4 10. Bxh4 Qb6 11. Qb3 Be6 12. Bg3 c4 13. Qxb6 axb6 14. Be2 b5
15. Na3 b4 16. Nb5 Ra5 17. Nc7+ Kd7 18. e4 f5 19. exd5 Bxd5 20. Nxd5 Rxd5 21.
O-O Bh6 22. f4 Ra8 23. Bd1 Rda5 24. cxb4 Rxa2 25. Rc1 Rxb2 26. d5 Nxb4 27. Rxc4
Nxd5 28. Bf3 e6 29. Rd1 Kd6 30. Be1 Bg7 31. Bb4+ Kd7 32. Bxd5 exd5 33. Rxd5+
Ke6 34. Rd6+ Kf7 35. Rc7+ Ke8 36. Re6+ Kd8 37. Rxg7 Rxb4 38. Ree7 Ra1+ 39. Kf2
Ra2+ 40. Kg3 Rbb2 1/2-1/2

[Event "Championnat de France Junior"]
[Site "CALVI"]
[Date "????.??.??"]
[Round "7.9"]
[White "Vitoux, Colomban"]
[Black "Mathis, Julien"]
[Result "1-0"]
[WhiteElo "2265"]
[BlackElo "1894"]
[PlyCount "31"]
[EventDate "2005.??.??"]
[SourceDate "2005.04.17"]

1. e4 c5 2. Nf3 d6 3. d4 cxd4 4. Nxd4 Nf6 5. Nc3 e6 6. Be2 Be7 7. O-O Nc6 8.
Be3 a6 9. f4 Qc7 10. Qe1 Nxd4 11. Bxd4 e5 12. fxe5 dxe5 13. Qg3 Bc5 14. Bxc5
Qxc5+ 15. Kh1 Qe7 16. Qxg7 1-0

[Event "Championnat de France Junior"]
[Site "CALVI"]
[Date "????.??.??"]
[Round "7.10"]
[White "Debray, Tristan"]
[Black "Boizante, Yvain"]
[Result "0-1"]
[WhiteElo "2108"]
[BlackElo "2160"]
[PlyCount "74"]
[EventDate "2005.??.??"]
[SourceDate "2005.04.17"]

1. e4 c6 2. c4 e5 3. Nc3 Bb4 4. g3 Nf6 5. Bg2 O-O 6. Nge2 Re8 7. O-O d6 8. d4
exd4 9. Qxd4 Nbd7 10. Bf4 Qe7 11. a3 Bc5 12. Qd2 Ne5 13. b3 Bg4 14. Kh1 Bf3 15.
Bxe5 Bxg2+ 16. Kxg2 Qxe5 17. f3 Rad8 18. b4 Bb6 19. Rad1 h5 20. Rfe1 Qe6 21.
Qd3 h4 22. Nd4 h3+ 23. Kf1 Qe5 24. a4 Qh5 25. g4 Qe5 26. Re2 a5 27. b5 Qc5 28.
Ke1 d5 29. cxd5 cxd5 30. e5 Nd7 31. f4 Nf8 32. f5 Qb4 33. Kf2 Nh7 34. Kg3 Ng5
35. Nc2 Qc5 36. Nxd5 Rxe5 37. Rxe5 Qf2# 0-1

[Event "Championnat de France Junior Fille"]
[Site "CALVI"]
[Date "2005.04.22"]
[Round "7.1"]
[White "Benmesbah, Sarah"]
[Black "Penalver, Marion"]
[Result "0-1"]
[WhiteElo "1800"]
[BlackElo "1902"]
[PlyCount "70"]
[EventDate "2005.??.??"]
[SourceDate "2005.04.17"]

1. e4 c5 2. Nc3 Nc6 3. f4 g6 4. Nf3 Bg7 5. a3 e6 6. b4 cxb4 7. axb4 Nge7 8. e5
d6 9. b5 Nb8 10. Ne4 dxe5 11. Bb2 O-O 12. fxe5 Nd7 13. Bc4 Qc7 14. Nf6+ Nxf6
15. exf6 Qxc4 16. fxg7 Rd8 17. Bf6 Re8 18. Qc1 Qxb5 19. Bxe7 Rxe7 20. Qa3 Re8
21. Qc3 e5 22. Rf1 f6 23. Ra5 Qb6 24. Nxe5 Kxg7 25. Rc5 Re7 26. d3 Bf5 27. Kd2
Rxe5 28. Rxe5 fxe5 29. Qxe5+ Kg8 30. Rxf5 gxf5 31. Qd5+ Kg7 32. Qe5+ Qf6 33.
Qc7+ Qf7 34. Qe5+ Kg8 35. Qg3+ Qg7 0-1

[Event "Championnat de France Junior Fille"]
[Site "CALVI"]
[Date "2005.04.22"]
[Round "7.2"]
[White "Ficet, Aline"]
[Black "Chaumont, Adeline"]
[Result "0-1"]
[WhiteElo "1730"]
[BlackElo "2047"]
[PlyCount "80"]
[EventDate "2005.??.??"]
[SourceDate "2005.04.17"]

1. e4 e6 2. d4 d5 3. exd5 exd5 4. c4 c6 5. Nc3 Bb4 6. Nf3 Nf6 7. h3 O-O 8. Be3
Be6 9. Qb3 Qa5 10. Rc1 dxc4 11. Bxc4 Bxc4 12. Qxc4 Nbd7 13. O-O Nb6 14. Qb3 Bd6
15. a3 Rfe8 16. Rfe1 Qf5 17. Qc2 $11 Qxc2 18. Rxc2 Nbd5 19. Nd1 h6 20. Rce2 Nb6
21. Bd2 Rxe2 22. Rxe2 Nc4 23. Bc1 Rd8 24. Ne3 Na5 25. Nd2 b6 26. Nf5 Bf8 27. b4
Nb7 28. Bb2 Rd7 29. Nf3 g6 30. Ne5 Rc7 31. Ne3 Bd6 32. N3c4 Bxe5 33. Nxe5 Nd5
34. Rc2 Nd8 35. g3 Kh7 36. Kg2 a6 37. Kf3 f6 38. Nd3 Ne6 39. h4 h5 40. Bc1
Nxd4+ 0-1

[Event "Championnat de France Junior Fille"]
[Site "CALVI"]
[Date "2005.04.22"]
[Round "7.3"]
[White "Huisman, Chloe"]
[Black "Marchais, Aurelie"]
[Result "1-0"]
[WhiteElo "2017"]
[BlackElo "1822"]
[PlyCount "81"]
[EventDate "2005.??.??"]
[SourceDate "2005.04.17"]

1. Nf3 c5 2. g3 Nc6 3. Bg2 g6 4. O-O Bg7 5. d3 d6 6. e4 Nf6 7. Nc3 O-O 8. h3
Rb8 9. Nh4 b5 10. f4 b4 11. Ne2 Nd4 12. f5 Nd7 13. Nf4 Ne5 14. Nd5 e6 15. f6
exd5 16. fxg7 Kxg7 17. exd5 Ba6 18. Qd2 f6 19. Be4 f5 20. Bg2 Qe7 21. Re1 Qf7
22. c3 bxc3 23. bxc3 Nxd3 24. cxd4 Nxe1 25. Qxe1 Rfe8 26. Qc3 Qf6 27. Nf3 cxd4
28. Qxd4 Qxd4+ 29. Nxd4 Re1+ 30. Kf2 Rd1 31. Bh6+ Kxh6 32. Rxd1 Rb2+ 33. Kg1
Rxa2 34. Rc1 Rd2 35. Nc6 Bd3 36. Ne7 Bc2 37. Ra1 Bb3 38. Rxa7 Rd1+ 39. Kh2 Bc4
40. Ng8+ Kg5 41. h4+ {Diagramme #} 1-0

[Event "Championnat de France Junior Fille"]
[Site "CALVI"]
[Date "2005.04.22"]
[Round "7.4"]
[White "Roos, Eliane"]
[Black "Levacic, Melissa"]
[Result "0-1"]
[WhiteElo "1950"]
[BlackElo "1997"]
[PlyCount "90"]
[EventDate "2005.??.??"]
[SourceDate "2005.04.17"]

1. d4 Nf6 2. c4 c5 3. d5 b5 4. cxb5 a6 5. bxa6 g6 6. Nc3 Bxa6 7. Nf3 d6 8. e4
Bxf1 9. Kxf1 Bg7 10. g3 Nbd7 11. h3 Nb6 12. Kg2 O-O 13. Re1 Nfd7 14. Qd3 Na4
15. Re2 Qb6 16. Rb1 c4 17. Qc2 Ndc5 18. Be3 Qa6 19. Bd4 Rfb8 20. Bxg7 Kxg7 21.
Nd4 Nxc3 22. Qxc3 f6 23. b3 cxb3 24. axb3 Kf7 25. b4 Na4 26. Qa3 Qc4 27. Qe3
Rxb4 28. Rxb4 Qxb4 29. Ne6 g5 30. Qf3 Nc5 31. Qh5+ Kg8 32. Ra2 Qxe4+ 33. Kh2
Qxd5 34. Rxa8+ Qxa8 35. Nc7 Qc6 36. Nd5 Qxd5 37. Qe8+ Kg7 38. Qxe7+ Kg6 39.
Qe8+ Qf7 40. Qb8 Ne4 41. Qb1 f5 42. Qc2 Qd5 43. Qc8 Nxf2 44. Qe8+ Qf7 45. Qd8
Ne4 0-1

[Event "Championnat de France Junior Fille"]
[Site "CALVI"]
[Date "2005.04.22"]
[Round "7.5"]
[White "Wolfangel, Florence"]
[Black "Swiercz, Sandra"]
[Result "1/2-1/2"]
[WhiteElo "1926"]
[BlackElo "1948"]
[PlyCount "52"]
[EventDate "2005.??.??"]
[SourceDate "2005.04.17"]

1. d4 d5 2. c4 c6 3. Nc3 dxc4 4. a4 e5 5. e3 exd4 6. exd4 Be6 7. Nf3 Nf6 8. Ne5
Be7 9. Bxc4 Bxc4 10. Nxc4 O-O 11. O-O Na6 12. Re1 Re8 13. Bf4 Nb4 14. Bg3 Nbd5
15. Qb3 Qd7 16. Rad1 Rad8 17. Ne5 Qc8 18. Rc1 Nh5 19. Ne4 Nxg3 20. hxg3 Qc7 21.
Rc2 Qb6 22. Qc4 Qb4 23. Qxb4 $11 Bxb4 24. Ree2 Nb6 25. Nc5 Bxc5 26. dxc5 Nd5
1/2-1/2

[Event "Championnat de France Junior"]
[Site "CALVI"]
[Date "????.??.??"]
[Round "8.1"]
[White "Laval, Brice"]
[Black "Cornette, Matthieu"]
[Result "0-1"]
[WhiteElo "2163"]
[BlackElo "2362"]
[PlyCount "78"]
[EventDate "2005.??.??"]
[SourceDate "2005.04.17"]

1. e4 e5 2. Nf3 Nc6 3. c3 d5 4. Qa4 Bd7 5. exd5 Nd4 6. Qd1 Nxf3+ 7. Qxf3 Nf6 8.
Bc4 e4 9. Qe2 Bd6 10. d3 O-O 11. dxe4 Nxe4 12. Be3 f5 13. Nd2 Nxd2 14. Qxd2 f4
15. Bd4 Re8+ 16. Kd1 Qg5 17. h4 Qxg2 18. Kc2 Bf5+ 19. Bd3 Qxd5 20. Rhg1 g6 21.
Rg5 Bxd3+ 22. Qxd3 Qe4 23. Rag1 Qxd3+ 24. Kxd3 Be7 25. Rf5 Rad8 26. b4 b6 27.
b5 Bxh4 28. Rxf4 Be7 29. Kc2 Bd6 30. Rfg4 a6 31. f4 Rf8 32. bxa6 Ra8 33. Be5
Bxe5 34. fxe5 Rxa6 35. Kb2 Ra5 36. Re4 Rb5+ 37. Kc2 Rf5 38. Rge1 Kf7 39. e6+
Ke7 0-1

[Event "Championnat de France Junior"]
[Site "CALVI"]
[Date "????.??.??"]
[Round "8.2"]
[White "Bijaoui, Manuel"]
[Black "Jessel, Stephen"]
[Result "1-0"]
[WhiteElo "2345"]
[BlackElo "2256"]
[PlyCount "104"]
[EventDate "2005.??.??"]
[SourceDate "2005.04.17"]

1. e4 e6 2. d4 d5 3. Nd2 Nf6 4. e5 Nfd7 5. Bd3 c5 6. c3 Nc6 7. Ngf3 Be7 8. O-O
a5 9. Re1 a4 10. Nf1 cxd4 11. cxd4 Nb6 12. Ng3 h5 13. Ne2 Bd7 14. Nc3 Na5 15.
b3 Kf8 16. Bd2 g5 17. h4 g4 18. Ng5 Nc6 19. Ne2 Nb4 20. Nf4 Nxd3 21. Nxd3 axb3
22. axb3 Kg7 23. Rc1 Ra2 24. Nc5 Bc8 25. Bf4 Na8 26. f3 g3 27. Re2 Rxe2 28.
Qxe2 b6 29. Na4 Bd7 30. Qe1 Rh6 31. Nxf7 Kxf7 32. Bxh6 Bxh4 33. Bf4 Qg8 34. Nc3
Nc7 35. Ne2 Nb5 36. Rd1 Qg6 37. Bxg3 Be7 38. Bh4 Ba3 39. Qd2 Qf5 40. Bd8 Ke8
41. Bxb6 Be7 42. Ra1 Bc6 43. Rc1 Bd7 44. Bc5 Bg5 45. f4 Bd8 46. Qc2 Qf7 47. Qd3
h4 48. Re1 Ba5 49. b4 Bd8 50. f5 exf5 51. Nf4 Nc7 52. e6 Bxe6 1-0

[Event "Championnat de France Junior"]
[Site "CALVI"]
[Date "????.??.??"]
[Round "8.3"]
[White "Perez, Flavio"]
[Black "Terrieux, Kevin"]
[Result "0-1"]
[WhiteElo "2237"]
[BlackElo "2300"]
[PlyCount "78"]
[EventDate "2005.??.??"]
[SourceDate "2005.04.17"]

1. e4 c5 2. Nc3 a6 3. g3 b5 4. Bg2 Bb7 5. d3 e6 6. Nge2 Nf6 7. h3 d6 8. O-O Nc6
9. g4 Be7 10. Ng3 Nd7 11. f4 b4 12. Nce2 Nd4 13. c3 Nxe2+ 14. Nxe2 a5 15. g5 d5
16. Ng3 O-O 17. Qg4 dxe4 18. dxe4 c4 19. Be3 Bc5 20. Bxc5 Nxc5 21. f5 Qb6 22.
Kh2 exf5 23. Nxf5 Rae8 24. Rae1 Nd3 25. Re2 Bc8 26. Qf3 Bxf5 27. exf5 Qd6+ 28.
Kh1 Rxe2 29. Qxe2 Qg3 30. cxb4 axb4 31. Qd2 Re8 32. a3 bxa3 33. bxa3 c3 34. Qc2
Re1 35. Qxd3 Qxd3 36. Rxe1 Qd8 37. a4 c2 38. Bf3 g6 39. f6 h6 0-1

[Event "Championnat de France Junior"]
[Site "CALVI"]
[Date "????.??.??"]
[Round "8.4"]
[White "Jolly, Jean-Francois"]
[Black "Vitoux, Colomban"]
[Result "1-0"]
[WhiteElo "2176"]
[BlackElo "2265"]
[PlyCount "117"]
[EventDate "2005.??.??"]
[SourceDate "2005.04.17"]

1. e4 c5 2. Nf3 Nc6 3. Nc3 Nf6 4. Bb5 Qc7 5. O-O e5 6. a4 d6 7. h3 Be7 8. d3
O-O 9. Bg5 Be6 10. Nd2 Rad8 11. f4 exf4 12. Bxf4 Ne5 13. Qe2 Ng6 14. Bg3 Nd7
15. Bc4 Nde5 16. Nd5 Qd7 17. Bb3 Bh4 18. Bh2 Bg5 19. c3 Bxd2 20. Qxd2 Ne7 21.
d4 Bxd5 22. exd5 cxd4 23. Qxd4 Qc7 24. Qxa7 Nd3 25. Qe3 Qc5 26. Qxc5 Nxc5 27.
Bc4 f5 28. Rfe1 Kf7 29. a5 Ne4 30. a6 bxa6 31. Rxa6 Ra8 32. Rxd6 Rfc8 33. Rd7
Rxc4 34. d6 Re8 35. Rf1 g6 36. Ra1 Ke6 37. Rxe7+ Rxe7 38. dxe7 Kxe7 39. Be5 Ke6
40. Bd4 Rc6 41. Ra5 h5 42. Kf1 Nd2+ 43. Ke2 Nb3 44. Re5+ Kd6 45. Kd3 Ra6 46.
Rb5 Nxd4 47. Kxd4 Ke6 48. c4 h4 49. Re5+ Kd7 50. Re2 g5 51. b4 g4 52. b5 Ra1
53. Kc5 g3 54. Rd2+ Kc8 55. Kc6 Re1 56. Rd6 Re2 57. b6 Rb2 58. Rh6 Kd8 59. Rh8+
1-0

[Event "Championnat de France Junior"]
[Site "CALVI"]
[Date "????.??.??"]
[Round "8.5"]
[White "Fargere, Francois"]
[Black "Tournier, Mathieu"]
[Result "1/2-1/2"]
[WhiteElo "2259"]
[BlackElo "2202"]
[PlyCount "77"]
[EventDate "2005.??.??"]
[SourceDate "2005.04.17"]

1. e4 e5 2. Nf3 Nc6 3. Bb5 a6 4. Bxc6 dxc6 5. O-O Ne7 6. Nxe5 Qd4 7. Qh5 g6 8.
Qg5 Bg7 9. Nd3 f5 10. e5 Qg4 11. f4 Qxg5 12. fxg5 h6 13. gxh6 Rxh6 14. Re1 b6
15. Nf2 c5 16. d3 Rh8 17. Nd2 Bb7 18. Nf3 Bxf3 19. gxf3 Nc6 20. c3 O-O-O 21. f4
g5 22. e6 g4 23. Re2 Ne7 24. Kg2 Rh6 25. h3 gxh3+ 26. Nxh3 Rxd3 27. Re3 Rxe3
28. Bxe3 Rxe6 29. Kf3 Nd5 30. Bf2 Re4 31. Rd1 c6 32. Re1 Rxe1 33. Bxe1 Kd7 34.
c4 Nc7 35. b3 Ne6 36. Ke3 Bf6 37. Nf2 Bh4 38. Nd3 Bxe1 39. Nxe1 1/2-1/2

[Event "Championnat de France Junior"]
[Site "CALVI"]
[Date "????.??.??"]
[Round "8.6"]
[White "Mourot, Felix"]
[Black "Karim, Ismael"]
[Result "1/2-1/2"]
[WhiteElo "2186"]
[BlackElo "2230"]
[PlyCount "71"]
[EventDate "2005.??.??"]
[SourceDate "2005.04.17"]

1. d4 Nf6 2. Nf3 g6 3. c4 Bg7 4. Nc3 O-O 5. e4 d6 6. Be2 Na6 7. O-O e5 8. Bg5
Qe8 9. c5 exd4 10. Bxf6 dxc3 11. Bxg7 Kxg7 12. Bxa6 cxb2 13. Qd4+ Kg8 14. Qxb2
bxa6 15. cxd6 cxd6 16. Rfe1 Bg4 17. Nd2 Qe5 18. Qa3 Be2 19. Rac1 Bb5 20. Nc4
Bxc4 21. Rxc4 d5 22. Qa5 Rfe8 23. Rc5 Rad8 24. Qxa6 Qd4 25. Rc7 Rxe4 26. Rf1
Rde8 27. Qa5 Qf6 28. Rcc1 d4 29. Rcd1 Qe5 30. Qa6 Qd5 31. a4 Qb3 32. Qb5 Qxb5
33. axb5 Rb8 34. f3 Re2 35. Rf2 Rxf2 36. Kxf2 1/2-1/2

[Event "Championnat de France Junior"]
[Site "CALVI"]
[Date "????.??.??"]
[Round "8.7"]
[White "Boizante, Yvain"]
[Black "Pietrasanta, Jeremy"]
[Result "1-0"]
[WhiteElo "2160"]
[BlackElo "2220"]
[PlyCount "83"]
[EventDate "2005.??.??"]
[SourceDate "2005.04.17"]

1. e4 c5 2. Nf3 Nc6 3. c3 g6 4. d4 cxd4 5. cxd4 Bg7 6. Nc3 d6 7. h3 Nf6 8. Bg5
O-O 9. Qd2 Qa5 10. Bd3 e5 11. d5 Nb4 12. O-O Nxd3 13. Qxd3 h6 14. Be3 Qd8 15.
Nd2 Nh5 16. Rfc1 f5 17. Nb5 f4 18. Bxa7 g5 19. Rc7 f3 20. Bb6 Qf6 21. Qxf3 Qg6
22. Qe3 Nf4 23. Na7 Rxa7 24. Bxa7 g4 25. h4 Qh5 26. Rac1 g3 27. fxg3 Ne2+ 28.
Kh2 Bg4 29. Rf1 Bf6 30. Qf2 Be7 31. Nf3 Bd8 32. Rxb7 Nd4 33. Bxd4 exd4 34. Qxd4
Bf6 35. Qa7 Qg6 36. Nd4 Bc8 37. Rc7 Re8 38. Ne6 Be5 39. Rf3 Bxe6 40. dxe6 Qxe4
41. Kh3 Bd4 42. Rg7+ 1-0

[Event "Championnat de France Junior"]
[Site "CALVI"]
[Date "????.??.??"]
[Round "8.8"]
[White "Gregoire, Sylvain"]
[Black "Lavanant, Alexandre"]
[Result "1-0"]
[WhiteElo "2280"]
[BlackElo "2130"]
[PlyCount "21"]
[EventDate "2005.??.??"]
[SourceDate "2005.04.17"]

1. c3 e6 2. g3 Nf6 3. Bg2 d5 4. Nf3 c5 5. O-O Nc6 6. d3 Bd6 7. Nbd2 Qc7 8. e4
h5 9. Re1 d4 10. cxd4 Nxd4 11. e5 1-0

[Event "Championnat de France Junior"]
[Site "CALVI"]
[Date "????.??.??"]
[Round "8.9"]
[White "Flament, Francois"]
[Black "Besson, Bastien"]
[Result "0-1"]
[WhiteElo "2159"]
[BlackElo "2238"]
[PlyCount "62"]
[EventDate "2005.??.??"]
[SourceDate "2005.04.17"]

1. d4 g6 2. Nf3 Bg7 3. c4 d6 4. Nc3 c6 5. e4 Nd7 6. Be2 e5 7. d5 c5 8. O-O Ne7
9. Ne1 O-O 10. Be3 f5 11. f3 f4 12. Bf2 g5 13. Nd3 b6 14. b4 Rf6 15. a4 h5 16.
a5 Rb8 17. axb6 axb6 18. Ra7 Rg6 19. Qa4 Bb7 20. bxc5 dxc5 21. Qa2 Nc8 22. Ra3
g4 23. Be1 Nd6 24. Qb3 g3 25. h3 Nf7 26. Bd2 Qh4 27. Rb1 Ng5 28. Bf1 Bc8 29.
Qd1 Nf8 30. Ne1 Bxh3 31. gxh3 g2 0-1

[Event "Championnat de France Junior"]
[Site "CALVI"]
[Date "????.??.??"]
[Round "8.10"]
[White "Pucher, Sebastien"]
[Black "Korman, Remi"]
[Result "1-0"]
[WhiteElo "2181"]
[BlackElo "2035"]
[PlyCount "77"]
[EventDate "2005.??.??"]
[SourceDate "2005.04.17"]

1. e4 c5 2. Nf3 e6 3. Nc3 Nf6 4. e5 Nd5 5. Nxd5 exd5 6. b3 Nc6 7. Bb2 Be7 8.
Be2 O-O 9. O-O d6 10. exd6 Bf6 11. d4 Re8 12. Qd2 Bf5 13. Rfe1 Rc8 14. Rac1 Be4
15. Ne5 Qxd6 16. dxc5 Qc7 17. Nd3 Bxb2 18. Nxb2 Ne5 19. Nd3 Ng6 20. b4 d4 21.
Nb2 Rcd8 22. Nc4 Bd5 23. Nd6 Bxg2 24. Kxg2 Nh4+ 25. Kg1 Re6 26. f3 Rg6+ 27. Kh1
Qd7 28. Qf4 Rh6 29. Bb5 Qc7 30. Re2 Ng6 31. Qe4 Rh4 32. Qf5 Nf4 33. Re4 Ng6 34.
Rxh4 Nxh4 35. Qf4 Ng6 36. Qxd4 Qe7 37. Bc4 Qg5 38. Rg1 Qh5 39. Qg4 1-0